000
00274nam a22001217a 4500
082
_a
001
_b
THO/P
100
_a
THULASI
245
_a
PCM SCHOLARSHIP EXAMINATION
260
_a
KOCHI
_b
CLASSROOM DIGEST
_c
2006
300
_a
112
650
_a
GENERAL KNOWLEDGE
_z
INDIA
942
_c
BK
999
_c
6608
_d
6608